<?xml version="1.0" encoding="UTF-8"?>
<record
    xmlns:xsi="http://www.w3.org/2001/XMLSchema-instance"
    xsi:schemaLocation="http://www.loc.gov/MARC21/slim http://www.loc.gov/standards/marcxml/schema/MARC21slim.xsd"
    xmlns="http://www.loc.gov/MARC21/slim">

  <leader>00794nam a22002417a 4500</leader>
  <controlfield tag="001">3744</controlfield>
  <controlfield tag="003">FISKH</controlfield>
  <controlfield tag="005">20240429095013.0</controlfield>
  <controlfield tag="008">240429b        cb ||||| |||| 00| 0 eng d</controlfield>
  <datafield tag="040" ind1=" " ind2=" ">
    <subfield code="a">FISK </subfield>
    <subfield code="b">eng </subfield>
    <subfield code="c">FISK </subfield>
    <subfield code="d">FISK </subfield>
  </datafield>
  <datafield tag="050" ind1=" " ind2=" ">
    <subfield code="a">PZ7.K2518 </subfield>
  </datafield>
  <datafield tag="082" ind1=" " ind2=" ">
    <subfield code="a">829.3 </subfield>
  </datafield>
  <datafield tag="100" ind1=" " ind2=" ">
    <subfield code="a">Kehret Peg </subfield>
    <subfield code="d">1936- </subfield>
  </datafield>
  <datafield tag="245" ind1=" " ind2=" ">
    <subfield code="a">Abduction! / </subfield>
    <subfield code="c">Peg Kehret </subfield>
  </datafield>
  <datafield tag="260" ind1=" " ind2=" ">
    <subfield code="a">New York : </subfield>
    <subfield code="b">Scholastic, </subfield>
    <subfield code="c">2010 </subfield>
  </datafield>
  <datafield tag="300" ind1=" " ind2=" ">
    <subfield code="a">215 pages : </subfield>
    <subfield code="c">20 cm </subfield>
  </datafield>
  <datafield tag="505" ind1=" " ind2=" ">
    <subfield code="a">M </subfield>
  </datafield>
  <datafield tag="520" ind1=" " ind2=" ">
    <subfield code="a">Thirteen-year-old Bonnie has a feeling of foreboding on the very day that her six-year-old brother Matt and their dog Pookie are abducted, and she becomes involved in a major search effort as well as a frightening adventure. </subfield>
  </datafield>
  <datafield tag="521" ind1="8" ind2=" ">
    <subfield code="a">760 </subfield>
    <subfield code="b">Lexiles </subfield>
  </datafield>
  <datafield tag="700" ind1=" " ind2=" ">
    <subfield code="a">Peg Kehret </subfield>
  </datafield>
  <datafield tag="942" ind1=" " ind2=" ">
    <subfield code="2">lcc</subfield>
    <subfield code="c">BK</subfield>
    <subfield code="n">0</subfield>
  </datafield>
  <datafield tag="999" ind1=" " ind2=" ">
    <subfield code="c">3744</subfield>
    <subfield code="d">3744</subfield>
  </datafield>
  <datafield tag="952" ind1=" " ind2=" ">
    <subfield code="0">0</subfield>
    <subfield code="1">0</subfield>
    <subfield code="2">lcc</subfield>
    <subfield code="4">0</subfield>
    <subfield code="7">0</subfield>
    <subfield code="8">FIC</subfield>
    <subfield code="a">002</subfield>
    <subfield code="b">002</subfield>
    <subfield code="c">TTP Orange</subfield>
    <subfield code="d">2024-04-29</subfield>
    <subfield code="l">2</subfield>
    <subfield code="o">KEH PZ7.K2518 829.3 </subfield>
    <subfield code="p">2024-0543</subfield>
    <subfield code="r">2025-11-10 11:17:48</subfield>
    <subfield code="s">2025-10-07</subfield>
    <subfield code="t">1</subfield>
    <subfield code="w">2024-04-29</subfield>
    <subfield code="y">BK</subfield>
  </datafield>
</record>
